| Tag |
First Indicator |
Second Indicator |
Subfields |
| LEADER |
00000cam a22000008a 4500 |
| 001 |
in00001040887 |
| 005 |
20150928123703.0 |
| 008 |
910507s1991 gw b 001 0 eng |
| 010 |
|
|
|a 91019542
|
| 020 |
|
|
|a 3540542124
|
| 035 |
|
|
|a (OCoLC)23868911
|
| 035 |
|
|
|9 AFG6753AM
|
| 040 |
|
|
|a DLC
|c DLC
|d MUM
|d TXA
|d UtOrBLW
|
| 049 |
|
|
|a TXAM
|
| 050 |
0 |
0 |
|a QA614.86
|b .F36 1991
|
| 082 |
0 |
0 |
|a 514/.74
|2 20
|
| 100 |
1 |
|
|a Fan, L. T.
|q (Liang-tseng),
|d 1929-
|
| 245 |
1 |
0 |
|a Elementary introduction to spatial and temporal fractals /
|c L.T. Fan, D. Neogi, M. Yashima.
|
| 263 |
|
|
|a 9107
|
| 264 |
|
1 |
|a Berlin ;
|a New York :
|b Springer-Verlag,
|c [1991]
|
| 264 |
|
4 |
|c ©1991
|
| 300 |
|
|
|a ix, 168 pages :
|b illustrations ;
|c 25 cm.
|
| 336 |
|
|
|a text
|b txt
|2 rdacontent
|
| 337 |
|
|
|a unmediated
|b n
|2 rdamedia
|
| 338 |
|
|
|a volume
|b nc
|2 rdacarrier
|
| 490 |
1 |
|
|a Lecture notes in chemistry ;
|v 55
|
| 504 |
|
|
|a Includes bibliographical references and index.
|
| 650 |
|
0 |
|a Fractals.
|
| 700 |
1 |
|
|a Neogi, D.
|q (Debashis),
|d 1959-
|
| 700 |
1 |
|
|a Yashima, M.
|q (Mutsuo),
|d 1955-
|
| 830 |
|
0 |
|a Lecture notes in chemistry ;
|v 55.
|
| 999 |
|
|
|a MARS
|
| 999 |
f |
f |
|s 17a2b09f-701c-3c31-8c8d-a2db41cc5d68
|i d6d9e141-8273-3beb-b251-4ac66ad1f716
|t 0
|
| 952 |
f |
f |
|p normal
|a Texas A&M University
|b College Station
|c Sterling C. Evans Library
|d Evans: Library Stacks
|t 0
|e QA614.86 .F36 1991
|h Library of Congress classification
|i unmediated -- volume
|m A14815372558
|
| 998 |
f |
f |
|a QA614.86 .F36 1991
|t 0
|l Evans: Library Stacks
|